Municipios de Navarra - Estadísticas

Estadísticas generales
  • Esta prueba ha sido intentada 9 veces
  • La puntuación promedio es 33 de 272
Estadísticas de respuestas
Merindad Comarca / Eskualdea Respuesta % Correcto
Estella-Lizarra Tierra de Estella / Estellerria Estella-Lizarra
86%
Pamplona / Iruña Comarca de Pamplona / Iruñerria Pamplona / Iruña
86%
Tudela Ribera / Erribera Tudela
86%
Sangüesa / Zangoza Comarca de Sangüesa / Zangozerria Sangüesa / Zangoza
71%
Olite / Erriberri Zona Media / Erdialdea Tafalla
71%
Pamplona / Iruña Baztan-Bidasoa Baztan
57%
Pamplona / Iruña Baztan-Bidasoa Bera
57%
Pamplona / Iruña Comarca de Pamplona / Iruñerria Cizur / Zizur
57%
Pamplona / Iruña Larraun-Leitzaldea Leitza
57%
Olite / Erriberri Zona Media / Erdialdea Olite / Erriberri
57%
Pamplona / Iruña Sakana Altsasu / Alsasua
43%
Sangüesa / Zangoza Comarca de Pamplona / Iruñerria Burlada / Burlata
43%
Tudela Zona Media / Erdialdea Carcastillo
43%
Sangüesa / Zangoza Pirinioak / Pirineo Isaba / Izaba
43%
Sangüesa / Zangoza Pirinioak / Pirineo Ochagavía / Otsagabia
43%
Olite / Erriberri Ribera Alta / Erriberagoiena Peralta / Azkoien
43%
Pamplona / Iruña Valdeizarbe-Novenera / Izarbeibar-Novenera Puente la Reina / Gares
43%
Pamplona / Iruña Comarca de Pamplona / Iruñerria Villava / Atarrabia
43%
Pamplona / Iruña Tierra de Estella / Estellerria Zugarramurdi
43%
Pamplona / Iruña Valdeizarbe-Novenera / Izarbeibar-Novenera Adiós
29%
Sangüesa / Zangoza Comarca de Sangüesa / Zangozerria Aibar / Oibar
29%
Pamplona / Iruña Sakana Arbizu
29%
Pamplona / Iruña Larraun-Leitzaldea Areso
29%
Olite / Erriberri Valdeizarbe-Novenera / Izarbeibar-Novenera Artajona
29%
Pamplona / Iruña Comarca de Pamplona / Iruñerria Barañáin / Barañain
29%
Tudela Ribera / Erribera Cabanillas
29%
Tudela Ribera / Erribera Castejón
29%
Tudela Ribera / Erribera Cintruénigo
29%
Tudela Ribera / Erribera Corella
29%
Pamplona / Iruña Comarca de Pamplona / Iruñerria Echarri / Etxarri
29%
Pamplona / Iruña Larraun-Leitzaldea Goizueta
29%
Pamplona / Iruña Comarca de Pamplona / Iruñerria Iza / Itza
29%
Pamplona / Iruña Sakana Lakuntza
29%
Pamplona / Iruña Larraun-Leitzaldea Larraun
29%
Pamplona / Iruña Larraun-Leitzaldea Lekunberri
29%
Pamplona / Iruña Baztan-Bidasoa Lesaka
29%
Sangüesa / Zangoza Comarca de Sangüesa / Zangozerria Liédena
29%
Estella-Lizarra Tierra de Estella / Estellerria Lodosa
29%
Olite / Erriberri Ribera Alta / Erriberagoiena Marcilla
29%
Sangüesa / Zangoza Prepirineo / Pirinioaurrea Monreal / Elo
29%
Pamplona / Iruña Sakana Olazti / Olazagutía
29%
Sangüesa / Zangoza Pirinioak / Pirineo Orreaga / Roncesvalles
29%
Olite / Erriberri Zona Media / Erdialdea Pueyo / Puiu
29%
Sangüesa / Zangoza Pirinioak / Pirineo Roncal / Erronkari
29%
Sangüesa / Zangoza Comarca de Pamplona / Iruñerria Valle de Egüés / Eguesibar
29%
Estella-Lizarra Tierra de Estella / Estellerria Viana
29%
Sangüesa / Zangoza Comarca de Sangüesa / Zangozerria Yesa
29%
Pamplona / Iruña Comarca de Pamplona / Iruñerria Zizur Mayor / Zizur Nagusia
29%
Estella-Lizarra Tierra de Estella / Estellerria Abáigar
14%
Sangüesa / Zangoza Pirinioak / Pirineo Abaurregaina / Abaurrea Alta
14%
Sangüesa / Zangoza Pirinioak / Pirineo Abaurrepea / Abaurrea Baja
14%
Tudela Ribera / Erribera Ablitas
14%
Estella-Lizarra Tierra de Estella / Estellerria Allo
14%
Pamplona / Iruña Comarca de Pamplona / Iruñerria Ansoáin / Antsoain
14%
Pamplona / Iruña Sakana Arakil
14%
Sangüesa / Zangoza Comarca de Pamplona / Iruñerria Aranguren
14%
Pamplona / Iruña Larraun-Leitzaldea Arano
14%
Estella-Lizarra Tierra de Estella / Estellerria Aras
14%
Tudela Ribera / Erribera Arguedas
14%
Sangüesa / Zangoza Pirinioak / Pirineo Aria
14%
Sangüesa / Zangoza Pirinioak / Pirineo Aribe
14%
Sangüesa / Zangoza Pirinioak / Pirineo Auritz / Burguete
14%
Estella-Lizarra Tierra de Estella / Estellerria Ayegui / Aiegi
14%
Pamplona / Iruña Sakana Bakaiku
14%
Olite / Erriberri Zona Media / Erdialdea Barásoain
14%
Tudela Ribera / Erribera Barillas
14%
Olite / Erriberri Zona Media / Erdialdea Beire
14%
Olite / Erriberri Valdeizarbe-Novenera / Izarbeibar-Novenera Berbinzana
14%
Pamplona / Iruña Comarca de Pamplona / Iruñerria Beriáin
14%
Pamplona / Iruña Comarca de Pamplona / Iruñerria Berrioplano / Berriobeiti
14%
Pamplona / Iruña Comarca de Pamplona / Iruñerria Berriozar
14%
Pamplona / Iruña Baztan-Bidasoa Bertizarana
14%
Pamplona / Iruña Larraun-Leitzaldea Betelu
14%
Tudela Ribera / Erribera Buñuel
14%
Sangüesa / Zangoza Pirinioak / Pirineo Burgui / Burgi
14%
Tudela Ribera Alta / Erriberagoiena Cadreita
14%
Olite / Erriberri Zona Media / Erdialdea Caparroso
14%
Estella-Lizarra Tierra de Estella / Estellerria Cárcar
14%
Tudela Ribera / Erribera Cascante
14%
Sangüesa / Zangoza Comarca de Sangüesa / Zangozerria Cáseda
14%
Sangüesa / Zangoza Comarca de Sangüesa / Zangozerria Castillonuevo
14%
Tudela Ribera / Erribera Cortes
14%
Pamplona / Iruña Baztan-Bidasoa Donamaria
14%
Pamplona / Iruña Baztan-Bidasoa Doneztebe / Santesteban
14%
Pamplona / Iruña Valdeizarbe-Novenera / Izarbeibar-Novenera Enériz / Eneritz
14%
Sangüesa / Zangoza Pirinioak / Pirineo Esparza de Salazar / Espartza Zaraitzu
14%
Pamplona / Iruña Sakana Etxarri Aranatz
14%
Estella-Lizarra Tierra de Estella / Estellerria Eulate
14%
Sangüesa / Zangoza Pirinioak / Pirineo Ezcároz / Ezkaroze
14%
Pamplona / Iruña Baztan-Bidasoa Ezkurra
14%
Olite / Erriberri Ribera Alta / Erriberagoiena Falces
14%
Tudela Ribera / Erribera Fontellas
14%
Olite / Erriberri Ribera Alta / Erriberagoiena Funes
14%
Tudela Ribera / Erribera Fustiñana
14%
Pamplona / Iruña Comarca de Pamplona / Iruñerria Galar
14%
Sangüesa / Zangoza Pirinioak / Pirineo Garde
14%
Olite / Erriberri Zona Media / Erdialdea Garínoain
14%
Sangüesa / Zangoza Pirinioak / Pirineo Garralda
14%
Sangüesa / Zangoza Pirinioak / Pirineo Hiriberri / Villanueva de Aezkoa
14%
Sangüesa / Zangoza Comarca de Pamplona / Iruñerria Huarte / Uharte
14%
Pamplona / Iruña Sakana Irañeta
14%
Pamplona / Iruña Sakana Irurtzun
14%
Pamplona / Iruña Sakana Iturmendi
14%
Sangüesa / Zangoza Prepirineo / Pirinioaurrea Izagaondoa
14%
Sangüesa / Zangoza Pirinioak / Pirineo Izalzu / Itzaltzu
14%
Sangüesa / Zangoza Pirinioak / Pirineo Jaurrieta
14%
Sangüesa / Zangoza Comarca de Sangüesa / Zangozerria Javier
14%
Estella-Lizarra Tierra de Estella / Estellerria Larraona
14%
Sangüesa / Zangoza Comarca de Sangüesa / Zangozerria Leache / Leatxe
14%
Sangüesa / Zangoza Comarca de Sangüesa / Zangozerria Lerga
14%
Estella-Lizarra Tierra de Estella / Estellerria Lerín
14%
Estella-Lizarra Tierra de Estella / Estellerria Lezaun
14%
Sangüesa / Zangoza Comarca de Sangüesa / Zangozerria Lumbier
14%
Estella-Lizarra Tierra de Estella / Estellerria Luquin
14%
Estella-Lizarra Valdeizarbe-Novenera / Izarbeibar-Novenera Mañeru
14%
Tudela Zona Media / Erdialdea Mélida
14%
Tudela Ribera / Erribera Monteagudo
14%
Tudela Ribera / Erribera Murchante
14%
Olite / Erriberri Zona Media / Erdialdea Murillo el Cuende
14%
Olite / Erriberri Zona Media / Erdialdea Murillo el Fruto
14%
Sangüesa / Zangoza Pirinioak / Pirineo Navascués / Nabaskoze
14%
Estella-Lizarra Tierra de Estella / Estellerria Oco
14%
Sangüesa / Zangoza Pirinioak / Pirineo Orbaizeta
14%
Sangüesa / Zangoza Pirinioak / Pirineo Oronz / Orontze
14%
Sangüesa / Zangoza Comarca de Sangüesa / Zangozerria Petilla de Aragón
14%
Olite / Erriberri Zona Media / Erdialdea Pitillas
14%
Tudela Ribera / Erribera Ribaforada
14%
Sangüesa / Zangoza Comarca de Sangüesa / Zangozerria Romanzado / Erromantzatua
14%
Sangüesa / Zangoza Comarca de Sangüesa / Zangozerria Sada
14%
Estella-Lizarra Tierra de Estella / Estellerria San Adrián
14%
Olite / Erriberri Zona Media / Erdialdea San Martín de Unx
14%
Sangüesa / Zangoza Pirinioak / Pirineo Sarriés / Sartze
14%
Estella-Lizarra Tierra de Estella / Estellerria Sartaguda
14%
Pamplona / Iruña Valdeizarbe-Novenera / Izarbeibar-Novenera Tirapu
14%
Tudela Ribera / Erribera Tulebras
14%
Pamplona / Iruña Sakana Uharte Arakil
14%
Olite / Erriberri Zona Media / Erdialdea Ujué / Uxue
14%
Pamplona / Iruña Baztan-Bidasoa Urdazubi / Urdax
14%
Sangüesa / Zangoza Pirinioak / Pirineo Uztarroz / Uztarroze
14%
Tudela Ribera / Erribera Valtierra
14%
Sangüesa / Zangoza Pirinioak / Pirineo Vidángoz / Bidankoze
14%
Tudela Ribera Alta / Erriberagoiena Villafranca
14%
Estella-Lizarra Tierra de Estella / Estellerria Villatuerta
14%
Pamplona / Iruña Sakana Ziordia
14%
Estella-Lizarra Tierra de Estella / Estellerria Abárzuza / Abartzuza
0%
Estella-Lizarra Tierra de Estella / Estellerria Aberin
0%
Estella-Lizarra Tierra de Estella / Estellerria Aguilar de Codés
0%
Estella-Lizarra Tierra de Estella / Estellerria Allín / Allin
0%
Estella-Lizarra Tierra de Estella / Estellerria Améscoa Baja
0%
Estella-Lizarra Tierra de Estella / Estellerria Ancín / Antzin
0%
Estella-Lizarra Tierra de Estella / Estellerria Andosilla
0%
Pamplona / Iruña Valdeizarbe-Novenera / Izarbeibar-Novenera Añorbe
0%
Pamplona / Iruña Comarca de Pamplona / Iruñerria Anue
0%
Sangüesa / Zangoza Prepirineo / Pirinioaurrea Aoiz / Agoitz
0%
Pamplona / Iruña Larraun-Leitzaldea Araitz
0%
Estella-Lizarra Tierra de Estella / Estellerria Aranarache / Aranaratxe
0%
Pamplona / Iruña Baztan-Bidasoa Arantza
0%
Sangüesa / Zangoza Prepirineo / Pirinioaurrea Arce / Artzi
0%
Estella-Lizarra Tierra de Estella / Estellerria Arellano
0%
Estella-Lizarra Tierra de Estella / Estellerria Armañanzas
0%
Estella-Lizarra Tierra de Estella / Estellerria Arróniz
0%
Pamplona / Iruña Sakana Arruazu
0%
Estella-Lizarra Valdeizarbe-Novenera / Izarbeibar-Novenera Artazu
0%
Pamplona / Iruña Comarca de Pamplona / Iruñerria Atetz / Atez
0%
Estella-Lizarra Ribera Alta / Erriberagoiena Azagra
0%
Estella-Lizarra Tierra de Estella / Estellerria Azuelo
0%
Estella-Lizarra Tierra de Estella / Estellerria Barbarin
0%
Estella-Lizarra Tierra de Estella / Estellerria Bargota
0%
Pamplona / Iruña Larraun-Leitzaldea Basaburua
0%
Pamplona / Iruña Baztan-Bidasoa Beintza-Labaien
0%
Pamplona / Iruña Comarca de Pamplona / Iruñerria Belascoáin
0%
Pamplona / Iruña Comarca de Pamplona / Iruñerria Bidaurreta
0%
Pamplona / Iruña Valdeizarbe-Novenera / Izarbeibar-Novenera Biurrun-Olcoz
0%
Estella-Lizarra Tierra de Estella / Estellerria Cabredo
0%
Pamplona / Iruña Comarca de Pamplona / Iruñerria Cendea de Olza / Oltza Zendea
0%
Estella-Lizarra Valdeizarbe-Novenera / Izarbeibar-Novenera Cirauqui / Zirauki
0%
Pamplona / Iruña Comarca de Pamplona / Iruñerria Ciriza / Ziritza
0%
Estella-Lizarra Tierra de Estella / Estellerria Desojo
0%
Estella-Lizarra Tierra de Estella / Estellerria Dicastillo
0%
Estella-Lizarra Tierra de Estella / Estellerria El Busto
0%
Pamplona / Iruña Baztan-Bidasoa Elgorriaga
0%
Pamplona / Iruña Baztan-Bidasoa Eratsun
0%
Pamplona / Iruña Sakana Ergoiena
0%
Sangüesa / Zangoza Pirinioak / Pirineo Erro
0%
Sangüesa / Zangoza Comarca de Sangüesa / Zangozerria Eslava
0%
Estella-Lizarra Tierra de Estella / Estellerria Espronceda
0%
Pamplona / Iruña Comarca de Pamplona / Iruñerria Esteribar
0%
Estella-Lizarra Tierra de Estella / Estellerria Etayo
0%
Pamplona / Iruña Baztan-Bidasoa Etxalar
0%
Pamplona / Iruña Comarca de Pamplona / Iruñerria Etxauri
0%
Pamplona / Iruña Comarca de Pamplona / Iruñerria Ezcabarte
0%
Sangüesa / Zangoza Comarca de Sangüesa / Zangozerria Ezprogui
0%
Tudela Ribera / Erribera Fitero
0%
Sangüesa / Zangoza Comarca de Sangüesa / Zangozerria Gallipienzo / Galipentzu
0%
Sangüesa / Zangoza Pirinioak / Pirineo Gallués / Galoze
0%
Sangüesa / Zangoza Tierra de Estella / Estellerria Garaioa
0%
Estella-Lizarra Tierra de Estella / Estellerria Genevilla
0%
Estella-Lizarra Comarca de Pamplona / Iruñerria Goñi
0%
Sangüesa / Zangoza Pirinioak / Pirineo Güesa / Gorza
0%
Estella-Lizarra Tierra de Estella / Estellerria Guesálaz / Gesalatz
0%
Estella-Lizarra Valdeizarbe-Novenera / Izarbeibar-Novenera Guirguillano
0%
Sangüesa / Zangoza Prepirineo / Pirinioaurrea Ibargoiti
0%
Pamplona / Iruña Baztan-Bidasoa Igantzi
0%
Estella-Lizarra Tierra de Estella / Estellerria Igúzquiza
0%
Pamplona / Iruña Larraun-Leitzaldea Imotz
0%
Pamplona / Iruña Baztan-Bidasoa Ituren
0%
Pamplona / Iruña Comarca de Pamplona / Iruñerria Juslapeña / Txulapain
0%
Estella-Lizarra Tierra de Estella / Estellerria Lana
0%
Pamplona / Iruña Comarca de Pamplona / Iruñerria Lantz
0%
Estella-Lizarra Tierra de Estella / Estellerria Lapoblación
0%
Olite / Erriberri Valdeizarbe-Novenera / Izarbeibar-Novenera Larraga
0%
Estella-Lizarra Tierra de Estella / Estellerria Lazagurría
0%
Pamplona / Iruña Valdeizarbe-Novenera / Izarbeibar-Novenera Legarda
0%
Estella-Lizarra Tierra de Estella / Estellerria Legaria
0%
Olite / Erriberri Zona Media / Erdialdea Leoz / Leotz
0%
Sangüesa / Zangoza Prepirineo / Pirinioaurrea Lizoain-Arriasgoiti / Lizoainibar-Arriasgoiti
0%
Sangüesa / Zangoza Prepirineo / Pirinioaurrea Lónguida / Longida
0%
Estella-Lizarra Tierra de Estella / Estellerria Los Arcos
0%
Sangüesa / Zangoza Pirinioak / Pirineo Luzaide / Valcarlos
0%
Estella-Lizarra Tierra de Estella / Estellerria Marañón
0%
Estella-Lizarra Tierra de Estella / Estellerria Mendavia
0%
Estella-Lizarra Tierra de Estella / Estellerria Mendaza
0%
Olite / Erriberri Valdeizarbe-Novenera / Izarbeibar-Novenera Mendigorria
0%
Estella-Lizarra Tierra de Estella / Estellerria Metauten
0%
Olite / Erriberri Ribera Alta / Erriberagoiena Milagro
0%
Estella-Lizarra Tierra de Estella / Estellerria Mirafuentes
0%
Olite / Erriberri Valdeizarbe-Novenera / Izarbeibar-Novenera Miranda de Arga
0%
Estella-Lizarra Tierra de Estella / Estellerria Morentin
0%
Estella-Lizarra Tierra de Estella / Estellerria Mues
0%
Estella-Lizarra Tierra de Estella / Estellerria Murieta
0%
Pamplona / Iruña Valdeizarbe-Novenera / Izarbeibar-Novenera Muruzábal
0%
Estella-Lizarra Tierra de Estella / Estellerria Nazar
0%
Pamplona / Iruña Valdeizarbe-Novenera / Izarbeibar-Novenera Obanos
0%
Pamplona / Iruña Comarca de Pamplona / Iruñerria Odieta
0%
Pamplona / Iruña Baztan-Bidasoa Oiz
0%
Pamplona / Iruña Comarca de Pamplona / Iruñerria Oláibar
0%
Estella-Lizarra Tierra de Estella / Estellerria Olejua
0%
Olite / Erriberri Zona Media / Erdialdea Olóriz / Oloritz
0%
Sangüesa / Zangoza Pirinioak / Pirineo Orbara
0%
Olite / Erriberri Tierra de Estella / Estellerria Orisoáin
0%
Pamplona / Iruña Comarca de Pamplona / Iruñerria Orkoien
0%
Sangüesa / Zangoza Prepirineo / Pirinioaurrea Oroz-Betelu / Orotz-Betelu
0%
Estella-Lizarra Tierra de Estella / Estellerria Oteiza
0%
Estella-Lizarra Tierra de Estella / Estellerria Piedramillera
0%
Pamplona / Iruña Baztan-Bidasoa Saldias
0%
Estella-Lizarra Tierra de Estella / Estellerria Salinas de Oro / Jaitz
0%
Estella-Lizarra Tierra de Estella / Estellerria Sansol
0%
Olite / Erriberri Zona Media / Erdialdea Santacara
0%
Estella-Lizarra Tierra de Estella / Estellerria Sesma
0%
Estella-Lizarra Tierra de Estella / Estellerria Sorlada
0%
Pamplona / Iruña Baztan-Bidasoa Sunbilla
0%
Sangüesa / Zangoza Comarca de Pamplona / Iruñerria Tiebas-Muruarte de Reta
0%
Estella-Lizarra Tierra de Estella / Estellerria Torralba del Río
0%
Estella-Lizarra Tierra de Estella / Estellerria Torres del Río
0%
Pamplona / Iruña Valdeizarbe-Novenera / Izarbeibar-Novenera Úcar
0%
Pamplona / Iruña Comarca de Pamplona / Iruñerria Ultzama
0%
Sangüesa / Zangoza Prepirineo / Pirinioaurrea Unciti
0%
Olite / Erriberri Zona Media / Erdialdea Unzué / Untzue
0%
Pamplona / Iruña Sakana Urdiain
0%
Sangüesa / Zangoza Prepirineo / Pirinioaurrea Urraúl Alto
0%
Sangüesa / Zangoza Prepirineo / Pirinioaurrea Urraúl Bajo
0%
Pamplona / Iruña Baztan-Bidasoa Urroz
0%
Sangüesa / Zangoza Prepirineo / Pirinioaurrea Urroz-Villa
0%
Sangüesa / Zangoza Pirinioak / Pirineo Urzainqui / Urzainki
0%
Pamplona / Iruña Valdeizarbe-Novenera / Izarbeibar-Novenera Uterga
0%
Sangüesa / Zangoza Comarca de Pamplona / Iruñerria Valle de Elorz / Elortzibar
0%
Pamplona / Iruña Comarca de Pamplona / Iruñerria Valle de Ollo / Ollaran
0%
Estella-Lizarra Tierra de Estella / Estellerria Valle de Yerri / Deierri
0%
Estella-Lizarra Tierra de Estella / Estellerria Villamayor de Monjardín
0%
Pamplona / Iruña Comarca de Pamplona / Iruñerria Zabalza / Zabaltza
0%
Pamplona / Iruña Baztan-Bidasoa Zubieta
0%
Estella-Lizarra Baztan-Bidasoa Zúñiga
0%
No se encontraron pruebas coincidentes
Distribución de puntuación
Porcentaje de gente con cada puntuación
Porcentaje por número respondido
Historial de tus puntuaciones
No has intentado esta prueba.